Attack on titan (SNK) Quiz - Statistics

General Stats
  • This quiz has been taken 763 times
  • The average score is 8 of 15
Answer Stats
Question Answer % Correct
Which of these characters dies during season 3 of the anime? Erwin Smith
94%
To which brigade belonged Eren, Mikasa, Jean, Sacha etc? 104th Training Brigade
86%
What does "Shinzo wo Sasageyo!" mean? ? Let's dedicate our hearts!
82%
In what year is the wall destroyed by the Colossal and the Armored Titan? In 845
68%
Which of these institutions does not form the historic trio of Paradis? Anti-Mahr Mercenaries
66%
Who devours Ymir when she returns to Mahr? Porco Galliard
61%
Who is Major of the Survey Battalion in this battle? Hange Zoé
42%
Which of these characters was born first? Ymir (from the Brigade)
41%
Who composed the music from attack on titan until season 4? Hiroyuki Sawano
39%
Which of these characters has never been part of the Livai squad? Moblit
39%
Who brings Eren back to Mikasa and Armin after he devours his father Grisha? Keith Shaldis
38%
How old is Eren when he obtains the power of the Attack Titan? 10 years
37%
Which of these characters appeared first in the manga? PS: in any form. Peak Finger
34%
Which of these primordial titans does not participate in the battle (in its titan form)? The Colossal titan
22%
According to the official wiki, how many soldiers did the Mahr invasion force of Shinganshina consist of before the Rumbling? 503 soldiers
17%
No matching quizzes found
Score Distribution
Percent of People with Each Score
Percentile by Number Answered
Your Score History
You have not taken this quiz